| 000 | 01006cam a22003017a 4500 | ||
|---|---|---|---|
| 003 | CHAP | ||
| 005 | 20220329132911.0 | ||
| 008 | 971010s1989 r 10010 d | ||
| 010 | _a81 | ||
| 011 | _a1053 | ||
| 035 | _a228 | ||
| 040 | _cCHAP | ||
| 082 |
_a633.11 _bT3 |
||
| 111 | 0 | 0 |
_aTaller sobre la Fusariosis de la Espiga en América del Sur ( _d1987 _c: Encarnación, Paraguay) _9111482 |
| 245 | 0 | _aMemoria | |
| 260 |
_aMéxico, D.F. : _bCentro Internacional de Mejoramiento de Maíz y Trigo, _c1989 |
||
| 300 |
_a144 p. _b: ilus. ; gráfs. |
||
| 590 |
_aBATCH-UPD _b10 _c20130110 _lUCH01 _h1656 |
||
| 590 |
_aBATCH-UPD _b10 _c20130410 _lUCH01 _h1045 |
||
| 590 |
_aBATCH-UPD _b10 _c20130914 _lUCH01 _h1452 |
||
| 590 |
_aCONVERSION _b10 _c20130109 _lUCH01 _h1302 |
||
| 650 | 1 | 4 |
_aFusarium graminearum. _944088 |
| 650 | 1 | 4 |
_aTrigo _xEnfermedades por hongos. _9115018 |
| 700 | 0 |
_aKohli, Man Mohan. _963642 |
|
| 901 | _aBK | ||
| 942 | _cLIBRO | ||
| 949 |
_a633.11 T3 _bBC _cLIBRO _d33724000193850 _eLIBRO _h76681 _i228 _si |
||
| 999 |
_c81 _d81 |
||